LEADER 00375nab a2200133 i 4500 001 000000316834 003 CaOOAMICUS 005 20180831173217.0 008 180831n xx uu u0 0und r 013 $a25915 040 $aSeMil$bita 245 10$aAgiografia e Teologia. 773 0 $t[Gennaio-Dicembre].$g117-278$w()273993 996 $6245$aAgiografia e Teologia$9(OLS)http://semarc/title/390837 LEADER 00540nab a2200145 i 4500 001 000000316709 003 CaOOAMICUS 005 20180831173214.0 008 180831n xx uu u0 0und r 013 $a25790 040 $aSeMil$bita 100 1 $aCiola, Nicola,$d<1952- >.$0(OLS)http://semarc/name/89472 245 10$a[RECENSIONE DI: Croce..., Quando Dio sarà tutto in tutti..., 1987]. 773 0 $t[Gennaio-Dicembre].$g672-673$w()274011 996 $6245$a[RECENSIONE DI: Croce..., Quando Dio sarà tutto in tutti..., 1987]$9(OLS)http://semarc/title/390716